| 000 | 00840nam a2200253Ia 4500 | ||
|---|---|---|---|
| 003 | OSt | ||
| 005 | 20221005105739.0 | ||
| 006 | a|||||r|||| 00| 0 | ||
| 007 | ta | ||
| 008 | 221004b |||||||| |||| 00| 0 hin d | ||
| 024 | _a78521 | ||
| 037 | _cTextual | ||
| 040 |
_aCRL _cCRL _bhin |
||
| 041 |
_2hin _ahin |
||
| 082 | _aQ4:(R3498), 152P3 | ||
| 100 | _aधर्मकीर्ति, ले. | ||
| 245 | 0 | _aबौद्ध धर्म में शून्यवाद | |
| 246 | _aBauddha dharma mean shūnyavāda | ||
| 260 |
_aनई दिल्ली _bसम्यक प्रकाशन भारत _c2003 |
||
| 300 |
_a103पृ0 _ccm. |
||
| 650 | _aबौद्ध धर्म | ||
| 942 |
_hQ4:(R3498), 152P3 _cTEXL _2cc |
||
| 999 |
_c1016789 _d1016789 |
||